000 00689nam a2200205Ia 4500
003 GCL
008 140319s9999 xx 000 0 ara d
040 _aGCL /
_cGCL
082 0 4 _a953.31
_bم ت
100 1 _aابن مخرمة، ابومحمد عبدالله
245 1 0 _aتاريخ ثغر عدن مع نحب من تواريخ ابن المجاور والجندى والاهدل /
_cابن مخرمة، ابومحمد عبدالله
260 _a[S.N] :
_bمكتبة مدبولى ،
_c1991
300 _a260 ص
490 _a
650 0 4 _aاليمن
650 0 4 _aالتاريخ الاسلامى
650 0 4 _aالمدن العربية
650 0 4 _aعدن
942 _2ddc
_cBK
999 _c37357
_d37357